[Event "Fagernes op"]
[Site "Fagernes"]
[Date "2020.10.08"]
[Round "6"]
[White "Modell, Brage"]
[Black "Lye, Sverre"]
[Result "0-1"]
[WhiteElo "1844"]
[BlackElo "1799"]
[PlyCount "34"]
[EventDate "2020.10.04"]
[EventType "swiss"]
[EventRounds "9"]
[EventCountry "NOR"]
[SourceTitle "EXT 2024"]
[Source "ChessBase"]
[SourceDate "2023.10.10"]
[SourceVersion "1"]
[SourceVersionDate "2023.10.10"]
[SourceQuality "1"]

1. c4 e5 2. Nc3 Nf6 3. Nf3 Nc6 4. d4 exd4 5. Nxd4 Bb4 6. Bg5 d5 7. Nxc6 bxc6 8. e3 h6 9. Bh4 g5 10. Bg3 Ne4 11. Qd4 0-0 12. Be2 c5 13. Qd1 Nxc3 14. bxc3 Bxc3+ 15. Kf1 Bxa1 16. Qxa1 Bf5 17. h4 Rb8 0-1

[Event "Levanger Grand Prix A"]
[Site "Levanger"]
[Date "2018.09.08"]
[Round "5"]
[White "Modell, Brage"]
[Black "Hoel, Mathias"]
[Result "0-1"]
[WhiteElo "1703"]
[BlackElo "1780"]
[PlyCount "68"]
[EventDate "2018.09.07"]
[EventType "swiss"]
[EventRounds "7"]
[EventCountry "NOR"]
[SourceTitle "EXT 2024"]
[Source "ChessBase"]
[SourceDate "2023.10.10"]
[SourceVersion "1"]
[SourceVersionDate "2023.10.10"]
[SourceQuality "1"]

1. d4 Nf6 2. c4 e6 3. Nc3 Bb4 4. e3 0-0 5. Nge2 Re8 6. a3 Bf8 7. g3 d5 8. cxd5 exd5 9. Bg2 c6 10. Qc2 Nbd7 11. 0-0 Nb6 12. f3 c5 13. Kh1 Be6 14. dxc5 Bxc5 15. Nd4 Rc8 16. Rd1 Qd7 17. Nxe6 Qxe6 18. e4 dxe4 19. fxe4 Ng4 20. Rf1 Nc4 21. Bh3 Nce5 22. Rf5 Nf2+ 23. Rxf2 Qxh3 24. Rg2 Ng4 25. Qe2 Bd4 26. Nd5 Nf6 27. Qd3 Nxe4 28. Be3 Bxe3 29. Qxe3 Qf5 30. Rd1 b6 31. Re2 Nxg3+ 32. hxg3 Rxe3 33. Rxe3 Qh5+ 34. Kg2 Rc2+ 0-1

[Event "Ostersund Hurtigfeiden op"]
[Site "Ostersund"]
[Date "2018.08.26"]
[Round "5"]
[White "Modell, Brage"]
[Black "Nylen, Anders1111"]
[Result "1-0"]
[WhiteElo "1468"]
[BlackElo "1677"]
[PlyCount "37"]
[EventDate "2018.08.26"]
[EventType "swiss"]
[EventRounds "7"]
[EventCountry "SWE"]
[SourceTitle "CBM 186 Extra"]
[Source "ChessBase"]
[SourceDate "2018.08.24"]
[SourceVersion "1"]
[SourceVersionDate "2018.08.24"]
[SourceQuality "1"]

1. d4 d5 2. c4 c6 3. Nc3 Nf6 4. cxd5 cxd5 5. Bf4 a6 6. e3 e6 7. Bd3 Bd6 8. Bg3 0-0 9. Nge2 Re8 10. 0-0 Nbd7 11. f3 b5 12. e4 dxe4 13. fxe4 Be7 14. e5 Nh5 15. Ne4 Nxg3 16. N2xg3 Nb6 17. Qh5 Qxd4+ 18. Kh1 Qxd3 19. Qxf7+ 1-0

[Event "NOR-ch U14"]
[Site "Sarpsborg"]
[Date "2018.07.12"]
[Round "7"]
[White "Kreken, Eivind Grunt"]
[Black "Modell, Brage"]
[Result "0-1"]
[WhiteElo "1626"]
[BlackElo "1583"]
[PlyCount "76"]
[EventDate "2018.07.07"]
[EventType "swiss"]
[EventRounds "9"]
[EventCountry "NOR"]
[SourceTitle "EXT 2024"]
[Source "ChessBase"]
[SourceDate "2023.10.10"]
[SourceVersion "1"]
[SourceVersionDate "2023.10.10"]
[SourceQuality "1"]

1. f4 e6 2. Nf3 b6 3. e3 Bb7 4. Be2 g6 5. 0-0 Bg7 6. d3 d5 7. Nbd2 Nf6 8. Ne5 Nbd7 9. Ndf3 0-0 10. Qe1 Nxe5 11. Nxe5 Nd7 12. Nxd7 Qxd7 13. d4 a5 14. Qh4 c5 15. c3 Ba6 16. Bxa6 Rxa6 17. Rf3 Qa4 18. b3 Qb5 19. Rh3 h6 20. Ba3 Rc8 21. g4 cxd4 22. Be7 dxc3 23. Bf6 c2 24. Rc1 Qe2 25. Bxg7 Qd1+ 26. Kf2 Qxc1 27. Qxh6 Qd2+ 28. Kf3 Qxe3+ 29. Kg2 Qd2+ 30. Kg3 Rc3+ 31. Kh4 Qf2+ 32. Kg5 Rxh3 33. Qxh3 Qxf4+ 34. Kxf4 c1Q+ 35. Ke5 Kxg7 36. Qh4 Qc3+ 37. Kd6 b5+ 38. Ke7 Qc7+ 0-1

[Event "Ostersund op"]
[Site "Ostersund"]
[Date "2018.06.17"]
[Round "5"]
[White "Modell, Brage"]
[Black "Johansson, Henrik"]
[Result "1-0"]
[WhiteElo "1494"]
[BlackElo "1703"]
[PlyCount "63"]
[EventDate "2018.06.15"]
[EventType "swiss"]
[EventRounds "6"]
[EventCountry "SWE"]
[SourceTitle "CBM 184 Extra"]
[Source "ChessBase"]
[SourceDate "2018.06.28"]
[SourceVersion "1"]
[SourceVersionDate "2018.06.28"]
[SourceQuality "1"]

1. d4 g6 2. e4 Bg7 3. Bc4 c5 4. Nf3 d5 5. exd5 cxd4 6. Nxd4 Nf6 7. 0-0 0-0 8. Nc3 Nbd7 9. Nde2 Qc7 10. Bb3 Ng4 11. Bf4 Be5 12. Bxe5 Ndxe5 13. Ng3 h5 14. Nb5 Qb6 15. Qe2 a6 16. Nc3 h4 17. Nge4 Nf6 18. Na4 Qc7 19. d6 exd6 20. Nxf6+ Kg7 21. Nd5 Qd8 22. Nab6 Rb8 23. Nxc8 Rxc8 24. Rad1 h3 25. f4 hxg2 26. Qxg2 Nd7 27. f5 Nf6 28. Nxf6 Qxf6 29. fxg6 Qxg6 30. Qxg6+ fxg6 31. Rxd6 Rxf1+ 32. Kxf1 1-0